000 00947nam a22002297a 4500
999 _c1185
_d1185
003 AR-CdUCM
008 190226b ||||| |||| 00| 0 spa d
040 _aMUNICIPALIDAD PROVINCIAL DEL CUSCO
_cBIBLIOTECA MUNICIPAL DEL CUSCO
082 _a335.4 /
_bP47
100 _aPetrovic, Gajo
_94643
245 _aMarxismo contra Stalinismo
_cPetrovic, Gajo
260 _aBarcelona - España:
_bSeix Barral ,
_c1970.
300 _a279 paginas :
_c18.5 cm.
505 _aMarx -- Marterialismo -- Objeciones y Respuestas -- Alienacion y Desalienacion -- Praxis y Ser -- La sexialidad y la lucha de Clases -- El año de la peste -- Los monederos falsos -- Marxismo contra Stalinismo -- Fausto y Anna...
650 _aMarxismo contra Stalinismo.
_94644
650 _aLa lucha de Clases.
_94645
650 _aCarl Marx.
_92217
650 _aFilosofia no Marxista.
_94646
700 _aPetrovic, Gajo
_94643
942 _2ddc
_cLIBROS
945 _artm
_d2019-02-26